|
|
|
|
| LEADER |
00000nam0a2200000 4500 |
| 001 |
342657 |
| 005 |
20231102005457.0 |
| 010 |
|
|
|a 9785171149888
|
| 035 |
|
|
|a (RuTPU)RU\TPU\book\371836
|
| 090 |
|
|
|a 342657
|
| 100 |
|
|
|a 20190321d2019 m y0rusy50 ca
|
| 101 |
0 |
|
|a rus
|
| 102 |
|
|
|a RU
|
| 105 |
|
|
|a y z 000ay
|
| 200 |
1 |
|
|a След лисицы на камнях
|f Е. И. Михалкова
|
| 210 |
|
|
|a Москва
|c АСТ
|d 2019
|
| 215 |
|
|
|a 384 с.
|
| 225 |
1 |
|
|a Идеальный детектив
|
| 330 |
|
|
|a У детективов Макара Илюшина и Сергея Бабкина необычное дело. Их клиент - убийца. Впрочем, было ли убийство? Или это чья-то чудовищная мистификация? Поиск жертвы, которой не было, подобен игре в салочки с призраком. Поднимаются тени прошлого, открываются давно забытые тайны, причудливо сплетаются правда и ложь. Победителей не будет. Сумеют ли детективы Бабкин и Илюшин не проиграть? И не разведёт ли их огненный лисий хвост по разные стороны баррикад?
|
| 606 |
1 |
|
|a Русская литература современная
|2 stltpush
|3 (RuTPU)RU\TPU\subj\26373
|9 50316
|
| 610 |
1 |
|
|a романы
|
| 610 |
1 |
|
|a проза
|
| 610 |
1 |
|
|a детективы
|
| 675 |
|
|
|a Р2
|v 4
|
| 700 |
|
1 |
|a Михалкова
|b Е. И.
|g Елена Ивановна
|
| 801 |
|
1 |
|a RU
|b 63413507
|c 20190321
|
| 801 |
|
2 |
|a RU
|b 63413507
|c 20191009
|g RCR
|
| 942 |
|
|
|c BK
|
| 959 |
|
|
|a 3/20190321
|d 1
|e 426,00
|f ХФ:1
|